000 00560nam a2200157Ia 4500
008 240126s9999 xx 000 0 und d
041 _aEnglish
082 _aPRIS08-1282
100 _aAshwini Ashok, Chaitra, Chitra M Shetty, Deepa Desai
245 0 _aRemote Control of Home Appliances [electronic resource: Project Report]
_bParimala R
260 _bPESIT, Dept. of IS
_aBangalore
440 _aNULL
650 _aInformation Science
650 _aRemote,Control,o,Home,Appliances,[electronic,resource:,Project,Report],Information Science
942 _cPR
999 _c258436
_d258436